[Event "Tata Steel-A 79th"]
[Site "Wijk aan Zee"]
[Date "2017.01.28"]
[Round "12"]
[White "Karjakin, Sergey"]
[Black "Nepomniachtchi, Ian"]
[Result "1/2-1/2"]
[WhiteElo "2785"]
[BlackElo "2767"]
[PlyCount "42"]
[EventDate "2017.01.14"]
[EventType "tourn"]
[EventRounds "13"]
[EventCountry "NED"]
[EventCategory "21"]
[SourceTitle "CBM 177"]
[Source "ChessBase"]
[SourceDate "2017.03.16"]
[SourceVersion "1"]
[SourceVersionDate "2017.03.16"]
[SourceQuality "1"]
[TimeControl "40/6000+30:20/3000+30:900+30"]

1. e4 {[%emt 0:00:00]} c5 {[%emt 0:00:17]} 2. Nf3 {[%emt 0:00:00]} d6 {[%emt 0:
00:05]} 3. d4 {[%emt 0:00:00]} cxd4 {[%emt 0:00:05]} 4. Nxd4 {[%emt 0:00:00]}
Nf6 {[%emt 0:00:07]} 5. Nc3 {[%emt 0:00:00]} a6 {[%emt 0:00:05]} 6. g3 {
[%emt 0:00:16]} e5 {[%emt 0:00:08]} 7. Nb3 {[%emt 0:00:04]} Be7 {[%emt 0:00:12]
} 8. Bg2 {[%emt 0:00:08]} O-O {[%emt 0:00:09]} 9. O-O {[%emt 0:00:06]} Be6 {
[%emt 0:00:03]} 10. a4 {[%emt 0:00:53]} Nbd7 {[%emt 0:00:05]} 11. Re1 {[%emt 0:
00:39]} Rc8 {[%emt 0:00:03]} 12. Nd2 {[%emt 0:01:13]} Bg4 {[%emt 0:00:04]} (
12... Nb6 13. Nf1 d5 14. exd5 Nfxd5 15. Nxd5 Nxd5 16. c3 f6 17. Ne3 Nxe3 18.
Bxe3 Qc7 19. Bd5 Qd7 20. Bg2 Rfd8 21. Bb6 Qxd1 22. Rexd1 Rxd1+ 23. Rxd1 Kf7 24.
a5 Rb8 25. f4 exf4 26. gxf4 Ke8 27. Kf2 Bd7 28. Re1 Kf8 29. Rd1 Ke8 30. Bd5 Bc6
31. Be6 Bd8 32. Ke3 Bxb6+ 33. axb6 Ke7 34. Bf5 g6 35. Bc2 Rc8 36. h4 f5 37. h5
Be8 38. hxg6 hxg6 39. Rh1 Bf7 40. Kd4 Rc4+ 41. Ke3 Rc6 42. Kd4 {Wei,Y (2707)
-Nepomniachtchi,I (2767) Doha 2016 1/2-1/2 (72)}) 13. Bf3 {[%emt 0:00:18]} Bxf3
{[%emt 0:00:51]} 14. Nxf3 $146 {[%emt 0:00:49]} (14. Qxf3 Nc5 15. b3 Ne6 16.
Nc4 Nd4 17. Qd3 b5 18. Ne3 Nf3+ 19. Kf1 Nxe1 20. Kxe1 Qd7 21. axb5 axb5 22.
Nxb5 d5 23. Ra7 Bb4+ 24. Bd2 Bxd2+ 25. Kxd2 Nxe4+ 26. Qxe4 Qxb5 27. Qxe5 Rce8
28. Qd4 Re4 29. Qd3 Qc5 30. Ra4 Rxa4 31. bxa4 d4 32. Nf5 Rd8 33. Kd1 g6 34. Nh4
Qa5 35. Qb5 Qc3 36. Qb3 Qa1+ 37. Kd2 Qf1 38. Qf3 Re8 39. Ng2 Qc4 40. a5 Qb4+
41. Kc1 Qxa5 42. Qc6 Qa3+ 43. Kd2 Qa5+ {Swati,G (2226)-Gomes,M (2418) Kolkata
2013 0-1}) 14... Re8 {[%emt 0:00:46]} 15. Be3 {[%emt 0:12:24]} Nb6 {[%emt 0:01:
34]} 16. Rb1 {[%emt 0:09:28]} Nc4 {[%emt 0:01:36]} 17. Qd3 {[%emt 0:10:23]} d5
{[%emt 0:16:46]} 18. Nxd5 {[%emt 0:06:17]} Nxd5 {[%emt 0:00:21]} 19. Qxd5 {
[%emt 0:00:05]} Qxd5 {[%emt 0:00:58]} 20. exd5 {[%emt 0:00:27]} e4 {[%emt 0:00:
05]} 21. Nd2 {[%emt 0:11:16]} Nxd2 {[%emt 0:26:18]} 1/2-1/2

[Event "chess.com Speed 3m+2spm 2017"]
[Site "Chess.com INT"]
[Date "2017.10.24"]
[Round "2.18"]
[White "Nepomniachtchi, Ian"]
[Black "Karjakin, Sergey"]
[Result "0-1"]
[WhiteElo "2751"]
[BlackElo "2783"]
[PlyCount "62"]
[EventDate "2017.05.03"]
[EventType "k.o. (blitz)"]
[EventRounds "4"]
[EventCountry "USA"]
[SourceTitle "EXT 2019"]
[Source "ChessBase"]
[SourceDate "2018.10.10"]
[SourceVersion "1"]
[SourceVersionDate "2018.10.10"]
[SourceQuality "1"]

1. e4 e5 2. Nf3 Nc6 3. c3 d5 4. Qa4 f6 5. d3 Nge7 6. Be2 Be6 7. O-O Qd7 8. Qc2
O-O-O 9. b4 Ng6 10. a4 Kb8 11. b5 Na5 12. c4 dxc4 13. dxc4 Bb4 14. Nc3 Bxc3 15.
Qxc3 b6 16. Be3 Nf4 17. Bxf4 exf4 18. c5 Bg4 19. Rad1 Qe7 20. cxb6 axb6 21. h3
Bh5 22. Rc1 Bxf3 23. Bxf3 Qe5 24. Qc2 Rd4 25. Rfd1 Rhd8 26. Rxd4 Rxd4 27. Qa2
Kb7 28. Bg4 h5 29. Bf5 f3 30. gxf3 g6 31. Be6 Qg5+ 0-1

[Event "chess.com Speed 5m+2spm 2017"]
[Site "Chess.com INT"]
[Date "2017.05.24"]
[Round "1.1"]
[White "Meier, Georg"]
[Black "Karjakin, Sergey"]
[Result "0-1"]
[WhiteElo "2630"]
[BlackElo "2783"]
[PlyCount "70"]
[EventDate "2017.05.03"]
[EventType "k.o. (blitz)"]
[EventRounds "4"]
[EventCountry "USA"]
[SourceTitle "CBM 178 Extra"]
[Source "ChessBase"]
[SourceDate "2017.06.22"]
[SourceVersion "1"]
[SourceVersionDate "2017.06.22"]
[SourceQuality "1"]

1. e4 c5 2. Nf3 d6 3. Bb5+ Nd7 4. d4 Ngf6 5. Nc3 a6 6. Bxd7+ Nxd7 7. O-O e6 8.
d5 e5 9. a4 Be7 10. Nd2 O-O 11. Nc4 Nb6 12. Ne3 Bg5 13. Qe2 a5 14. b3 Bd7 15.
Nb5 Bxb5 16. Qxb5 Bxe3 17. Bxe3 Qc7 18. c3 f5 19. f3 Nd7 20. b4 b6 21. Qc6 Rfc8
22. exf5 cxb4 23. cxb4 axb4 24. Qb5 Ra5 25. Qxb4 Rxd5 26. Rfc1 Nc5 27. Rab1 Ra8
28. Qc4 Qf7 29. Rxb6 Rd1+ 30. Kf2 Nd3+ 31. Kg3 Nxc1 32. Qc6 Rf8 33. Bxc1 Qxf5
34. a5 e4 35. a6 exf3 0-1

[Event "chess.com Speed 5m+2spm 2017"]
[Site "Chess.com INT"]
[Date "2017.10.24"]
[Round "2.6"]
[White "Nepomniachtchi, Ian"]
[Black "Karjakin, Sergey"]
[Result "0-1"]
[WhiteElo "2751"]
[BlackElo "2783"]
[PlyCount "99"]
[EventDate "2017.05.03"]
[EventType "k.o. (blitz)"]
[EventRounds "4"]
[EventCountry "USA"]
[SourceTitle "EXT 2019"]
[Source "ChessBase"]
[SourceDate "2018.10.10"]
[SourceVersion "1"]
[SourceVersionDate "2018.10.10"]
[SourceQuality "1"]

1. c4 Nf6 2. Nc3 e5 3. g3 Bb4 4. Bg2 O-O 5. Nf3 e4 6. Nd4 Re8 7. O-O Nc6 8. Nc2
Bxc3 9. bxc3 d6 10. Ne3 Be6 11. Rb1 b6 12. d3 Bd7 13. h3 Rb8 14. Kh2 exd3 15.
exd3 Ne7 16. Rb2 Bc6 17. f4 d5 18. Rd2 Qd7 19. Ba3 Rbd8 20. Rff2 d4 21. cxd4
Qxd4 22. Nc2 Qd7 23. Bb2 Bxg2 24. Rxg2 Qc6 25. Nd4 Qc5 26. Qa1 Nf5 27. Nb3 Qc6
28. Nd4 Nxd4 29. Bxd4 Rd7 30. Qc3 Red8 31. Be5 Ne8 32. Qb3 Nd6 33. Bxd6 Rxd6
34. Rge2 h5 35. Re3 Rd4 36. h4 Rxc4 37. Re7 Qd5 38. Re5 Qd4 39. Rxh5 Rc3 40.
Qb5 Rxd3 41. Re2 Rd2 42. Rhe5 Rxe2+ 43. Rxe2 Qd7 44. Qe5 c5 45. h5 Qc6 46. Qg5
Rd1 47. Kh3 Rh1+ 48. Kg4 Qd7+ 49. Kf3 Qd3+ 50. Kf2 0-1

[Event "Paris GCT Rapid"]
[Site "Paris"]
[Date "2017.06.22"]
[Round "5"]
[White "Bacrot, Etienne"]
[Black "Karjakin, Sergey"]
[Result "0-1"]
[WhiteElo "2708"]
[BlackElo "2781"]
[PlyCount "52"]
[EventDate "2017.06.21"]
[EventType "tourn (rapid)"]
[EventRounds "9"]
[EventCountry "FRA"]
[EventCategory "22"]
[SourceTitle "CBM 179"]
[Source "ChessBase"]
[SourceDate "2017.07.12"]
[SourceVersion "1"]
[SourceVersionDate "2017.07.12"]
[SourceQuality "1"]
[TimeControl "1500"]

1. e4 {[%emt 0:00:00]} c5 {[%emt 0:00:00]} 2. Nf3 {[%emt 0:00:00]} d6 {[%emt 0:
00:00]} 3. Bb5+ {[%emt 0:00:00]} Nd7 {[%emt 0:00:00]} 4. O-O {[%emt 0:00:00]}
Ngf6 {[%emt 0:00:00]} 5. Re1 {[%emt 0:00:00]} a6 {[%emt 0:00:00]} 6. Bf1 {
[%emt 0:00:00]} b6 {[%emt 0:00:23]} 7. d4 {[%emt 0:02:01]} cxd4 {[%emt 0:00:00]
} 8. Qxd4 {[%emt 0:00:28]} Bb7 {[%emt 0:00:49]} 9. Nc3 {[%emt 0:00:05]} e6 {
[%emt 0:01:14]} 10. Bg5 {[%emt 0:01:23]} Be7 {[%emt 0:00:07]} 11. Rad1 {
[%emt 0:00:00]} Qc7 {[%emt 0:02:11]} 12. a4 {[%emt 0:00:11]} Rc8 {[%emt 0:02:
39]} 13. h3 {[%emt 0:02:02]} O-O {[%emt 0:00:59]} 14. Qe3 {[%emt 0:00:17]} h6 {
[%emt 0:03:09]} 15. Bh4 {[%emt 0:00:49]} Rfd8 {[%emt 0:00:48]} 16. Bg3 {
[%emt 0:01:24]} Ne5 {[%emt 0:00:05]} 17. Nd2 {[%emt 0:00:41]} Nfd7 {[%emt 0:00:
46]} 18. Kh1 {[%emt 0:00:20]} Nc5 {[%emt 0:00:49]} 19. f4 {[%emt 0:02:34]} Nc6
{[%emt 0:00:00]} 20. Nf3 {[%emt 0:00:14]} Nb4 {[%emt 0:00:41]} 21. Qf2 {
[%emt 0:01:04]} Bf6 {[%emt 0:01:48]} 22. f5 {[%emt 0:00:56]} Bxc3 {[%emt 0:01:
17]} 23. bxc3 {[%emt 0:00:00]} Na2 {[%emt 0:00:00]} 24. fxe6 {[%emt 0:03:45]}
Nxc3 {[%emt 0:00:32]} 25. Bxd6 {[%emt 0:04:02]} Nxd1 {[%emt 0:00:05]} 26. Rxd1
{[%emt 0:00:00]} Rxd6 {[%emt 0:01:49]} 0-1

[Event "Paris GCT Rapid"]
[Site "Paris"]
[Date "2017.06.23"]
[Round "8"]
[White "Karjakin, Sergey"]
[Black "Vachier Lagrave, Maxime"]
[Result "0-1"]
[WhiteElo "2781"]
[BlackElo "2796"]
[PlyCount "106"]
[EventDate "2017.06.21"]
[EventType "tourn (rapid)"]
[EventRounds "9"]
[EventCountry "FRA"]
[EventCategory "22"]
[SourceTitle "CBM 179"]
[Source "ChessBase"]
[SourceDate "2017.07.12"]
[SourceVersion "1"]
[SourceVersionDate "2017.07.12"]
[SourceQuality "1"]
[TimeControl "1500"]

1. e4 {[%emt 0:00:00]} c5 {[%emt 0:00:00]} 2. Nf3 {[%emt 0:00:00]} d6 {[%emt 0:
00:00]} 3. d4 {[%emt 0:00:00]} cxd4 {[%emt 0:00:00]} 4. Nxd4 {[%emt 0:00:00]}
Nf6 {[%emt 0:00:00]} 5. Nc3 {[%emt 0:00:00]} a6 {[%emt 0:00:00]} 6. h3 {
[%emt 0:00:00]} e5 {[%emt 0:00:00]} 7. Nde2 {[%emt 0:00:00]} h5 {[%emt 0:00:00]
} 8. g3 {[%emt 0:00:00]} Be6 {[%emt 0:00:41]} 9. Bg2 {[%emt 0:00:00]} b5 {
[%emt 0:00:00]} 10. O-O {[%emt 0:01:32]} Nbd7 {[%emt 0:00:00]} 11. Be3 {
[%emt 0:00:48]} Be7 {[%emt 0:00:07]} 12. Nd5 {[%emt 0:00:29]} Nxd5 {[%emt 0:00:
00]} 13. exd5 {[%emt 0:00:00]} Bf5 {[%emt 0:00:00]} 14. f4 {[%emt 0:00:00]} Rc8
{[%emt 0:00:07]} 15. c3 {[%emt 0:00:00]} Bh7 {[%emt 0:00:00]} 16. Qe1 {[%emt 0:
03:27]} O-O {[%emt 0:01:16]} 17. Rd1 {[%emt 0:00:00]} h4 {[%emt 0:00:07]} 18.
g4 {[%emt 0:00:50]} exf4 {[%emt 0:00:00]} 19. Nxf4 {[%emt 0:01:36]} Bg5 {
[%emt 0:00:15]} 20. Bd4 {[%emt 0:00:05]} Re8 {[%emt 0:01:07]} 21. Qf2 {[%emt 0:
00:00]} Ne5 {[%emt 0:00:00]} 22. Rde1 {[%emt 0:00:27]} Qd7 {[%emt 0:00:31]} 23.
Be4 {[%emt 0:01:31]} Bxe4 {[%emt 0:00:00]} 24. Rxe4 {[%emt 0:00:00]} Qb7 {
[%emt 0:01:58]} 25. a3 {[%emt 0:02:48]} Rc7 {[%emt 0:01:12]} 26. Bxe5 {[%emt 0:
08:40]} dxe5 {[%emt 0:00:18]} 27. Rfe1 {[%emt 0:00:08]} Rc4 {[%emt 0:01:31]}
28. Rxc4 {[%emt 0:00:57]} bxc4 {[%emt 0:00:00]} 29. Ng2 {[%emt 0:00:00]} Qxd5 {
[%emt 0:00:00]} 30. Nxh4 {[%emt 0:00:00]} e4 {[%emt 0:00:29]} 31. Nf5 {[%emt 0:
00:00]} e3 {[%emt 0:00:00]} 32. Qe2 {[%emt 0:00:13]} g6 {[%emt 0:00:21]} 33.
Nd4 {[%emt 0:00:03]} Bh4 {[%emt 0:00:16]} 34. Rf1 {[%emt 0:01:00]} Bf2+ {
[%emt 0:00:00]} 35. Rxf2 {[%emt 0:00:00]} exf2+ {[%emt 0:00:00]} 36. Qxf2 {
[%emt 0:00:00]} Qe4 {[%emt 0:00:20]} 37. Nf3 {[%emt 0:00:08]} Qe2 {[%emt 0:00:
33]} 38. Kg2 {[%emt 0:00:06]} Qxf2+ {[%emt 0:00:22]} 39. Kxf2 {[%emt 0:00:00]}
Rb8 {[%emt 0:00:00]} 40. Ne5 {[%emt 0:00:00]} Rxb2+ 41. Ke3 {[%emt 0:00:00]}
Rh2 {[%emt 0:00:25]} 42. Kd4 {[%emt 0:00:00]} Rxh3 {[%emt 0:00:00]} 43. Kxc4 {
[%emt 0:00:00]} Rg3 {[%emt 0:00:00]} 44. Kd4 {[%emt 0:00:00]} f6 {[%emt 0:00:
00]} 45. Nd7 {[%emt 0:00:00]} Rxg4+ {[%emt 0:00:00]} 46. Kd5 {[%emt 0:00:00]}
Kf7 {[%emt 0:00:00]} 47. c4 {[%emt 0:00:00]} Ke7 {[%emt 0:00:01]} 48. Nb6 {
[%emt 0:00:00]} Rg1 {[%emt 0:00:07]} 49. c5 {[%emt 0:00:00]} Rd1+ {[%emt 0:00:
00]} 50. Kc6 {[%emt 0:00:00]} g5 {[%emt 0:00:20]} 51. Kb7 {[%emt 0:00:00]} g4 {
[%emt 0:00:18]} 52. c6 {[%emt 0:00:00]} g3 {[%emt 0:00:12]} 53. c7 {[%emt 0:00:
00]} Rc1 {[%emt 0:00:00]} 0-1

[Event "Medias Kings rapid 11th"]
[Site "Medias"]
[Date "2017.11.26"]
[Round "2"]
[White "Deac, Bogdan Daniel"]
[Black "Karjakin, Sergey"]
[Result "0-1"]
[WhiteElo "2566"]
[BlackElo "2760"]
[PlyCount "118"]
[EventDate "2017.11.26"]
[EventType "tourn (rapid)"]
[EventRounds "6"]
[EventCountry "ROU"]
[EventCategory "18"]
[SourceTitle "CBM 182"]
[Source "ChessBase"]
[SourceDate "2018.01.17"]
[SourceVersion "1"]
[SourceVersionDate "2018.01.17"]
[SourceQuality "1"]

1. e4 c5 2. Nf3 d6 3. Bb5+ Nd7 4. d4 Ngf6 5. O-O cxd4 6. Qxd4 e6 7. c4 Be7 8.
Nc3 O-O 9. Bg5 Nc5 10. b4 e5 11. Qe3 Ne6 12. Bxf6 Bxf6 13. Nd5 Nf4 14. Ba4 Be6
15. Rac1 a5 16. b5 Rc8 17. g3 Nxd5 18. cxd5 Bh3 19. Rxc8 Qxc8 20. Rc1 Qd7 21.
Qb3 Rc8 22. Rxc8+ Qxc8 23. Qc2 Qg4 24. Qd3 Bd8 25. Bd1 Qd7 26. a4 f5 27. Bc2 f4
28. Bd1 h6 29. Nd2 Bb6 30. Bf3 Bc5 31. Bg2 Bg4 32. Bf3 h5 33. Nb3 Bb6 34. Nd2
Qc8 35. Bxg4 hxg4 36. Nc4 Qc5 37. Nxb6 Qxb6 38. gxf4 exf4 39. Kg2 Qc5 40. Qd2
g5 41. e5 Qb4 42. Qd1 f3+ 43. Kg1 Kf7 44. e6+ Kf6 45. h3 Qe4 46. Qa1+ Kg6 47.
Qd1 gxh3 48. Kh1 g4 49. Qg1 Kf5 50. Kh2 Qxd5 51. Qb1+ Kf6 52. Kg3 Qxe6 53. Qh7
Qe5+ 54. Kxg4 Qg5+ 55. Kxf3 Qf5+ 56. Qxf5+ Kxf5 57. Kg3 Ke4 58. Kxh3 Kf3 59.
Kh4 d5 0-1

[Event "Medias Kings rapid 11th"]
[Site "Medias"]
[Date "2017.11.27"]
[Round "6"]
[White "Karjakin, Sergey"]
[Black "Deac, Bogdan Daniel"]
[Result "1-0"]
[WhiteElo "2760"]
[BlackElo "2566"]
[PlyCount "65"]
[EventDate "2017.11.26"]
[EventType "tourn (rapid)"]
[EventRounds "6"]
[EventCountry "ROU"]
[EventCategory "18"]
[SourceTitle "CBM 182"]
[Source "ChessBase"]
[SourceDate "2018.01.17"]
[SourceVersion "1"]
[SourceVersionDate "2018.01.17"]
[SourceQuality "1"]

1. e4 e5 2. Nf3 Nc6 3. Bc4 Bc5 4. d3 Nf6 5. c3 O-O 6. a4 a5 7. Bg5 h6 8. Bh4
Be7 9. Bg3 d6 10. Nbd2 g6 11. Nf1 Nh5 12. Ne3 Bf6 13. Nd5 Bg7 14. Bh4 g5 15.
Bg3 Nf4 16. Ne3 h5 17. h3 Be6 18. Nd2 h4 19. Bh2 d5 20. exd5 Nxd5 21. O-O Nf4
22. Bxe6 Nxe6 23. Ne4 Ne7 24. g4 Qd7 25. Nf5 Nxf5 26. gxf5 Nf4 27. Bxf4 exf4
28. f6 Qxh3 29. Qh5 f3 30. Qxg5 Qg2+ 31. Qxg2 fxg2 32. Kxg2 Bh6 33. Rh1 1-0

[Event "Medias King blitz 11th"]
[Site "Medias"]
[Date "2017.11.28"]
[Round "12"]
[White "Deac, Bogdan Daniel"]
[Black "Karjakin, Sergey"]
[Result "0-1"]
[WhiteElo "2566"]
[BlackElo "2760"]
[PlyCount "99"]
[EventDate "2017.11.28"]
[EventType "tourn (blitz)"]
[EventRounds "12"]
[EventCountry "ROU"]
[EventCategory "18"]
[SourceTitle "CBM 181 Extra"]
[Source "ChessBase"]
[SourceDate "2017.12.12"]
[SourceVersion "1"]
[SourceVersionDate "2017.12.12"]
[SourceQuality "1"]

1. d4 Nf6 2. c4 e6 3. Nc3 Bb4 4. Qc2 d6 5. Bd2 Nbd7 6. a3 Bxc3 7. Bxc3 a5 8. e4
e5 9. Nf3 Qe7 10. Bd3 a4 11. O-O O-O 12. Rfe1 b6 13. Nd2 c5 14. d5 Nh5 15. g3
Ndf6 16. b4 axb3 17. Qxb3 Bh3 18. f3 Nd7 19. Qc2 g6 20. Nf1 Qg5 21. Bd2 Qf6 22.
Be2 Qg7 23. Qc1 Rfe8 24. Bh6 Qf6 25. Bg5 Qg7 26. Bh6 Qf6 27. Bg5 Qh8 28. a4
Nhf6 29. Bh6 Ra6 30. Nd2 Rea8 31. Bd1 Ne8 32. Re3 Qf6 33. f4 exf4 34. gxf4 Bf5
35. exf5 Qxf5 36. Qc2 Qf6 37. Ra2 Ng7 38. Ne4 Qd4 39. Raa3 Nf5 40. Qe2 Nxh6 41.
Rad3 Qa1 42. Nxd6 Rf8 43. Re8 Ra8 44. Rxa8 Rxa8 45. Qe7 Nf6 46. f5 Rf8 47. a5
bxa5 48. Kg2 Qb2+ 49. Qe2 Qc1 50. Rb3 0-1

[Event "Wch Rapid"]
[Site "Riadh"]
[Date "2017.12.27"]
[Round "9"]
[White "Savchenko, Boris"]
[Black "Karjakin, Sergey"]
[Result "1-0"]
[WhiteElo "2566"]
[BlackElo "2760"]
[PlyCount "124"]
[EventDate "2017.12.26"]
[EventType "swiss (rapid)"]
[EventRounds "15"]
[EventCountry "SAU"]
[SourceTitle "CBM 182 Extra"]
[Source "ChessBase"]
[SourceDate "2018.02.23"]
[SourceVersion "1"]
[SourceVersionDate "2018.02.23"]
[SourceQuality "1"]

1. e4 e5 2. Nf3 Nc6 3. Bc4 Bc5 4. c3 Nf6 5. d3 d6 6. O-O a6 7. Bb3 O-O 8. Bg5
h6 9. Bh4 g5 10. Bg3 Ba7 11. Nbd2 Kg7 12. Nc4 Be6 13. Ne3 Bxe3 14. fxe3 Bxb3
15. axb3 Qd7 16. Qe2 Qg4 17. Be1 Ne7 18. c4 Ng6 19. b4 Nd7 20. Bc3 Qe6 21. Nd2
Rae8 22. Rf2 f5 23. Rxf5 Rxf5 24. exf5 Qxf5 25. Rf1 Qe6 26. Qf3 c6 27. Qe2 Nf6
28. d4 Qg4 29. Qxg4 Nxg4 30. Ne4 Nxe3 31. Nxd6 Re6 32. Rf7+ Kg8 33. Rd7 b5 34.
cxb5 axb5 35. dxe5 Nxe5 36. Rd8+ Kh7 37. h3 Nd5 38. Nxb5 Nxc3 39. Nxc3 Nc4 40.
b3 Nd6 41. Na4 Nf5 42. Nc5 Re2 43. Rd7+ Kg8 44. g4 Ne7 45. Rd6 Kg7 46. Kf1 Re5
47. Kf2 Nd5 48. Nd3 Re7 49. Rxc6 Re3 50. Nc5 Rxh3 51. b5 Rh4 52. b6 Nxb6 53.
Rxb6 Rxg4 54. b4 h5 55. b5 Rb4 56. Nd3 Rb3 57. Ne5 g4 58. Rg6+ Kh7 59. b6 h4
60. Rc6 Rb2+ 61. Ke3 g3 62. Nf3 g2 1-0

[Event "Moscow Region blitz"]
[Site "Moscow"]
[Date "2018.03.01"]
[Round "2"]
[White "Sarana, Alexey"]
[Black "Karjakin, Sergey"]
[Result "1/2-1/2"]
[WhiteElo "2577"]
[BlackElo "2763"]
[PlyCount "57"]
[EventDate "2018.03.01"]
[EventType "swiss (blitz)"]
[EventRounds "9"]
[EventCountry "RUS"]
[SourceTitle "EXT 2019"]
[Source "ChessBase"]
[SourceDate "2018.10.10"]
[SourceVersion "1"]
[SourceVersionDate "2018.10.10"]
[SourceQuality "1"]

1. d4 Nf6 2. Nf3 d5 3. c4 e6 4. Nc3 Be7 5. g3 O-O 6. Bg2 dxc4 7. Ne5 Qd6 8. a4
Qa6 9. O-O c6 10. e4 Nbd7 11. f4 b5 12. axb5 Qxa1 13. Nxc6 Re8 14. Qe2 a6 15.
Be3 axb5 16. Rxa1 Rxa1+ 17. Kf2 b4 18. Nb5 c3 19. e5 Ng4+ 20. Qxg4 cxb2 21. Be4
Bb7 22. Nc7 Bxc6 23. Nxe8 g6 24. Bd3 Bb5 25. Be4 Bc6 26. Bd3 Bb5 27. Be4 Bc6
28. Bd3 Bb5 29. Be4 1/2-1/2

[Event "Moscow Region blitz"]
[Site "Moscow"]
[Date "2018.03.01"]
[Round "4"]
[White "Karjakin, Sergey"]
[Black "Praggnanandhaa, Rameshbabu"]
[Result "1-0"]
[WhiteElo "2763"]
[BlackElo "2507"]
[PlyCount "109"]
[EventDate "2018.03.01"]
[EventType "swiss (blitz)"]
[EventRounds "9"]
[EventCountry "RUS"]
[SourceTitle "EXT 2019"]
[Source "ChessBase"]
[SourceDate "2018.10.10"]
[SourceVersion "1"]
[SourceVersionDate "2018.10.10"]
[SourceQuality "1"]

1. d4 Nf6 2. Bf4 d5 3. e3 c5 4. c3 Nc6 5. Nd2 Bf5 6. Ngf3 e6 7. Nh4 Bg4 8. Qb3
Qd7 9. h3 Bh5 10. g4 Bg6 11. Nxg6 hxg6 12. Bg2 Be7 13. Bg3 cxd4 14. exd4 b6 15.
a4 Bd6 16. O-O g5 17. Qb5 Bxg3 18. fxg3 O-O 19. Qe2 Qd6 20. Qe3 Nh7 21. Kh2 g6
22. Nf3 f6 23. Rf2 Rae8 24. Raf1 Kg7 25. Ne1 Na5 26. Nd3 Qc6 27. Ra1 Nc4 28.
Qe2 Qc7 29. Qe1 Re7 30. Re2 Rfe8 31. Rc1 Nd6 32. b3 Nf7 33. c4 dxc4 34. Rxc4
Qd6 35. Nb4 e5 36. Nc6 Rc7 37. b4 Rec8 38. b5 exd4 39. Rxd4 Qc5 40. Rdd2 Nf8
41. Re4 Rd7 42. Rxd7 Nxd7 43. Re7 Nde5 44. Rxa7 Nxc6 45. bxc6 Qd6 46. Rb7 Rh8
47. Qe7 Qxe7 48. Rxe7 Rc8 49. Rb7 Kf8 50. Rxb6 Nd6 51. a5 Nc4 52. Rb5 Ke7 53.
a6 Kd6 54. a7 Ne3 55. Rb8 1-0

[Event "Wch Rapid"]
[Site "St Petersburg"]
[Date "2018.12.26"]
[Round "2"]
[White "Inarkiev, Ernesto"]
[Black "Karjakin, Sergey"]
[Result "1/2-1/2"]
[WhiteElo "2693"]
[BlackElo "2753"]
[PlyCount "63"]
[EventDate "2018.12.26"]
[EventType "swiss (rapid)"]
[EventRounds "15"]
[EventCountry "RUS"]
[SourceTitle "CBM 187 Extra"]
[Source "ChessBase"]
[SourceDate "2018.11.04"]
[SourceVersion "1"]
[SourceVersionDate "2018.11.04"]
[SourceQuality "1"]

1. d4 Nf6 2. c4 e6 3. Nf3 d5 4. Nc3 Be7 5. g3 O-O 6. Bg2 dxc4 7. Ne5 c5 8. dxc5
Qxd1+ 9. Nxd1 Bxc5 10. O-O Nc6 11. Nxc4 Nd5 12. Bd2 Bd7 13. Rc1 Rfc8 14. Re1 f6
15. Nc3 Nxc3 16. Bxc3 e5 17. Na5 Nxa5 18. Bxa5 Rab8 19. Bd5+ Kf8 20. Rxc5 Rxc5
21. Bb4 b6 22. Rc1 Rbc8 23. Bxc5+ Rxc5 24. Rxc5 bxc5 25. Kf1 Ke7 26. Ke1 Kd6
27. Bg8 h6 28. Kd2 Bb5 29. e3 a5 30. f4 exf4 31. exf4 Bc6 32. Bc4 1/2-1/2

[Event "Moscow Chess for TV"]
[Site "Moscow"]
[Date "2019.06.10"]
[Round "1.1"]
[White "Dubov, Daniil"]
[Black "Karjakin, Sergey"]
[Result "1/2-1/2"]
[WhiteElo "2700"]
[BlackElo "2748"]
[PlyCount "117"]
[EventDate "2019.06.10"]
[EventType "k.o."]
[EventRounds "6"]
[EventCountry "RUS"]
[SourceTitle "CBM 190 Extra"]
[Source "ChessBase"]
[SourceDate "2019.07.15"]
[SourceVersion "1"]
[SourceVersionDate "2019.07.15"]
[SourceQuality "1"]

1. d4 Nf6 2. c4 e6 3. g3 Bb4+ 4. Nd2 c5 5. a3 Bxd2+ 6. Qxd2 cxd4 7. Nf3 d5 8.
cxd5 e5 9. Bg2 Qxd5 10. Qg5 O-O 11. Qxe5 Nc6 12. Qxd5 Nxd5 13. O-O Re8 14. Re1
Bf5 15. Bd2 Be4 16. Rac1 Rad8 17. Rc5 h6 18. h4 a6 19. Bf1 Nb6 20. Rcc1 Nd5 21.
Nh2 Re7 22. Bg2 Bxg2 23. Kxg2 Nb6 24. Nf3 f6 25. b3 h5 26. Kf1 Kf7 27. Rc5 Rde8
28. Rxh5 Ne5 29. Nxe5+ fxe5 30. Rf5+ Ke6 31. Rg5 Nd5 32. Rc1 Kf7 33. Rc5 Nf6
34. Rf5 Kg6 35. g4 Ne4 36. h5+ Kh7 37. Rc2 g6 38. hxg6+ Kxg6 39. Kg2 Rh7 40.
Kf3 Nf6 41. Rg5+ Kf7 42. Rc7+ Ke6 43. Rxh7 Nxh7 44. Rg6+ Kd5 45. g5 e4+ 46. Kg2
Re7 47. Rh6 Rg7 48. Rh5 Nf6 49. Rh3 e3 50. fxe3 Rxg5+ 51. Kf1 Ne4 52. Be1 Rf5+
53. Rf3 Nd6 54. exd4 Kxd4 55. Rxf5 Nxf5 56. Kf2 Ke4 57. Bc3 Ne3 58. Ke1 Nc2+
59. Kd2 1/2-1/2

[Event "Moscow Chess for TV"]
[Site "Moscow"]
[Date "2019.06.10"]
[Round "1.2"]
[White "Karjakin, Sergey"]
[Black "Dubov, Daniil"]
[Result "1/2-1/2"]
[WhiteElo "2748"]
[BlackElo "2700"]
[PlyCount "76"]
[EventDate "2019.06.10"]
[EventType "k.o."]
[EventRounds "6"]
[EventCountry "RUS"]
[SourceTitle "CBM 190 Extra"]
[Source "ChessBase"]
[SourceDate "2019.07.15"]
[SourceVersion "1"]
[SourceVersionDate "2019.07.15"]
[SourceQuality "1"]

1. Nf3 Nf6 2. c4 e6 3. Nc3 c5 4. e3 d5 5. cxd5 Nxd5 6. d4 cxd4 7. exd4 Nxc3 8.
bxc3 Qc7 9. Bd2 Bd6 10. Bd3 Nd7 11. O-O O-O 12. a4 b6 13. Re1 Bb7 14. h3 Bf4
15. Bxf4 Qxf4 16. Qd2 Qc7 17. Ne5 Nxe5 18. Rxe5 Rac8 19. Re3 g6 20. Bf1 Rfd8
21. Qb2 Rd5 22. c4 Rd7 23. a5 bxa5 24. Rea3 Rcd8 25. Rxa5 a6 26. Rc5 Qf4 27. d5
exd5 28. cxd5 Bxd5 29. Qc1 Qe4 30. Rxa6 Bb7 31. Ra1 Rd2 32. Rc7 Qd4 33. Rxb7
Qxf2+ 34. Kh1 R8d3 35. Qc8+ Kg7 36. Rxf7+ Qxf7 37. Bxd3 Rxd3 38. Qc1 Rd7
1/2-1/2

[Event "Moscow Chess for TV"]
[Site "Moscow"]
[Date "2019.06.10"]
[Round "1.3"]
[White "Dubov, Daniil"]
[Black "Karjakin, Sergey"]
[Result "0-1"]
[WhiteElo "2700"]
[BlackElo "2748"]
[PlyCount "86"]
[EventDate "2019.06.10"]
[EventType "k.o."]
[EventRounds "6"]
[EventCountry "RUS"]
[SourceTitle "CBM 190 Extra"]
[Source "ChessBase"]
[SourceDate "2019.07.15"]
[SourceVersion "1"]
[SourceVersionDate "2019.07.15"]
[SourceQuality "1"]

1. d4 Nf6 2. c4 e6 3. g3 Bb4+ 4. Nd2 c5 5. a3 Bxd2+ 6. Qxd2 cxd4 7. Nf3 d5 8.
cxd5 e5 9. Bg2 Qxd5 10. Qg5 O-O 11. Qxe5 Nc6 12. Qxd5 Nxd5 13. O-O Re8 14. Re1
Bf5 15. Bd2 Be4 16. Rac1 Rad8 17. Rc5 h6 18. Nh4 Bxg2 19. Kxg2 Kh7 20. h3 Nb6
21. b3 g6 22. Nf3 h5 23. g4 hxg4 24. hxg4 Kg7 25. Bc1 Re4 26. Kg3 Nd7 27. Rg5
Nf6 28. Bb2 Nh7 29. Rb5 Nf6 30. Rg5 Nh7 31. Rc5 Nf6 32. Nh2 Rxg4+ 33. Nxg4 Ne4+
34. Kg2 Nxc5 35. b4 Ne6 36. Rd1 a6 37. Nh2 f6 38. Nf3 g5 39. Ne1 Nf4+ 40. Kf1
Rh8 41. Kg1 Nxe2+ 42. Kg2 Nf4+ 43. Kf3 f5 0-1